000 01087nam a2200277Ia 4500
003 OSt
005 20220923211537.0
006 a|||||r|||| 00| 0
007 ta
008 220922b |||||||| |||| 00| 0 hin d
020 _a9789382848097 (hbk)
_c200
024 _a317,481
037 _b9354, 27/03/2017, Rajkamal Prakashan Pvt. Ltd
_cTextual
040 _aARTS
_cARTS
_bhin
041 _2hin
_ahin
082 _aX:3M24xM18:g, 152Q4
100 _aस्तालिन, जे. वी., ले.
_9160738
245 0 _aमार्क्सवाद और जातीयताओं का प्रश्न
246 _aMārksavād aur jātīyatāoan kā prashna
260 _aनयी दिल्ली
_b प्रकाशन संस्थान
_c2014
300 _a136पृ.
_ccm.
490 _aलोकचेतना - 17
650 _aमार्क्सवाद
942 _hX:3M24xM18:g, 152Q4
_cTEXL
_2CC
999 _c300628
_d300628